000 00832nam a2200229 a 4500
001 60167
003 BD-RjUL
005 20211209080818.0
008 161228s1984 ii bd b 001 0 eng d
035 _a(BD-RjUL) 60291
040 _aBD-RjUL
_beng
_cBD-RjUL
_dBD-RjUL
041 _aeng
082 _223
_a307.14095493
_bPAD 1984
100 1 _aPachauri, S. K.
_q(Surendra Kumar),
_d1944-
_9179119
245 1 0 _aDynamics of rural development in tribal areas :
_ba study of Srikakulam District, Andhra Pradesh /
_cS.K. Pachauri
260 _aNew Delhi :
_bConcept Pub. Co,
_cc1984
300 _axiv, 262 p. :
_bill. ;
_c23 cm
504 _aBibliography: p. [248]-255 and index.
650 0 _aRural development
_zIndia
_zSrikakulam (District)
_9179120
651 0 _aSrikakulam (India : District)
_xScheduled tribes
_9179121
942 _2ddc
_cBK
999 _c60167
_d60167